International Marketing (Record no. 93594)

MARC details
000 -LEADER
fixed length control field 00382nam a2200133Ia 4500
008 - FIXED-LENGTH DATA ELEMENTS--GENERAL INFORMATION
fixed length control field 230125s9999 xx 000 0 und d
041 ## - LANGUAGE CODE
Language code of text/sound track or separate title eng
082 ## - DEWEY DECIMAL CLASSIFICATION NUMBER
Classification number 658.848
Item number SEN
100 ## - MAIN ENTRY--PERSONAL NAME
Personal name Sengupta A K
9 (RLIN) 115789
245 ## - TITLE STATEMENT
Title International Marketing
260 ## - PUBLICATION, DISTRIBUTION, ETC. (IMPRINT)
Date of publication, distribution, etc. 2010
Name of publisher, distributor, etc. Symbiosis centre for distance learning
Place of publication, distribution, etc. Pune
300 ## - PHYSICAL DESCRIPTION
Extent 316p
700 ## - ADDED ENTRY--PERSONAL NAME
Personal name Sengupta A K & Nandini Madan, Donor
9 (RLIN) 106296
Holdings
Withdrawn status Lost status Damaged status Not for loan Home library Current library Date acquired Vendor Cost, normal purchase price Full call number Barcode Date last seen Cost, replacement price Bill Date Koha item type Original Barcode
        Smt. Hiraben Nanavati Institute of Management & Research for Women Smt. Hiraben Nanavati Institute of Management & Research for Women 16/06/2015 Donated Book- Outside Donar 1.00 658.848 SEN DB1956 HIMR-DB-1956 25/01/2023 1.00 25/01/2023 Donated Book DB1956